[Event "Goch op 26th"]
[Site "Goch"]
[Date "2015.09.04"]
[Round "2"]
[White "Bauchmueller, Heinrich"]
[Black "Gehlen, Horst"]
[Result "0-1"]
[WhiteElo "1543"]
[BlackElo "1862"]
[PlyCount "98"]
[EventDate "2015.09.03"]
[EventType "swiss"]
[EventRounds "7"]
[EventCountry "GER"]
[SourceTitle "EXT 2018"]
[Source "ChessBase"]
[SourceDate "2017.10.13"]
[SourceVersion "1"]
[SourceVersionDate "2017.10.13"]
[SourceQuality "1"]

1. b4 e5 2. a3 d5 3. Bb2 Bd6 4. e3 Bf5 5. c4 c6 6. cxd5 cxd5 7. Nf3 Nd7 8. Bb5 Qe7 9. 0-0 Ngf6 10. d3 0-0 11. Nbd2 Rac8 12. Re1 a6 13. Bxd7 Bxd7 14. h3 Bb5 15. Qb3 Bc6 16. Nh2 Qd7 17. a4 b5 18. a5 Qf5 19. Nhf1 Rfe8 20. Ng3 Qg6 21. Nf3 e4 22. Nh4 Qg5 23. Nhf5 Bb8 24. dxe4 dxe4 25. Rac1 Bd7 26. Nd4 Bxg3 27. fxg3 Qxg3 28. Ne2 Qh4 29. Bxf6 Qxf6 30. Rf1 Rxc1 31. Nxc1 Qe6 32. Qb2 Qc4 33. Ne2 Qd3 34. Kf2 Rc8 35. Rc1 Rxc1 36. Qxc1 h6 37. Nf4 Qd6 38. Qb2 Kf8 39. Qd4 Qxd4 40. exd4 f5 41. h4 g5 42. hxg5 hxg5 43. Ng6+ Kf7 44. Ne5+ Ke6 45. Ke3 Bc8 46. g4 Kd5 47. gxf5 Bxf5 48. Nf7 g4 49. Nh6 Be6 0-1

[Event "Goch op 26th"]
[Site "Goch"]
[Date "2015.09.03"]
[Round "1"]
[White "Muetsch, Annmarie"]
[Black "Bauchmueller, Heinrich"]
[Result "1-0"]
[WhiteElo "1914"]
[BlackElo "1543"]
[PlyCount "81"]
[EventDate "2015.09.03"]
[EventType "swiss"]
[EventRounds "7"]
[EventCountry "GER"]
[SourceTitle "EXT 2018"]
[Source "ChessBase"]
[SourceDate "2017.10.13"]
[SourceVersion "1"]
[SourceVersionDate "2017.10.13"]
[SourceQuality "1"]

1. e4 c5 2. Nf3 Nc6 3. d4 cxd4 4. Nxd4 g6 5. Nc3 Bg7 6. Be3 e6 7. Bc4 Nge7 8. Ndb5 0-0 9. 0-0 a6 10. Nd4 b5 11. Bb3 Bb7 12. f3 Qc7 13. Nce2 Rad8 14. Qe1 d5 15. Nxc6 Bxc6 16. Qf2 dxe4 17. Bb6 Qd6 18. Bxd8 Rxd8 19. fxe4 Rf8 20. Rad1 Qc7 21. Ng3 Be5 22. Bxe6 Kg7 23. Bd5 Be8 24. c3 Ng8 25. Ne2 Nf6 26. Nf4 Ng4 27. Ne6+ Kh8 28. Nxc7 Nxf2 29. Rxf2 Bxc7 30. Kh1 Kg7 31. b4 Be5 32. Rd3 Bd7 33. Rxf7+ Rxf7 34. Bxf7 Bg4 35. Bd5 Be2 36. Re3 Bc4 37. Bxc4 bxc4 38. Rf3 h6 39. a4 g5 40. b5 a5 41. b6 1-0

[Event "Maastricht Limburg op-C 8th"]
[Site "Maastricht"]
[Date "2014.06.09"]
[Round "6"]
[White "Bauchmueller, Heinrich"]
[Black "Weynjes, Tim"]
[Result "1-0"]
[WhiteElo "1348"]
[BlackElo "1000"]
[PlyCount "115"]
[EventDate "2014.06.06"]
[EventType "swiss"]
[EventRounds "7"]
[EventCountry "NED"]
[SourceTitle "EXT 2015"]
[Source "ChessBase"]
[SourceDate "2014.11.20"]
[SourceVersion "1"]
[SourceVersionDate "2014.11.20"]
[SourceQuality "1"]

1. c4 e5 2. Nc3 Nf6 3. g3 Bc5 4. Bg2 d6 5. Nf3 Be6 6. d3 Nc6 7. 0-0 0-0 8. a3 d5 9. cxd5 Bxd5 10. Nxd5 Qxd5 11. Nh4 Qd4 12. Be3 Qd6 13. Bxc5 Qxc5 14. Rc1 Qb6 15. Bxc6 bxc6 16. Qc2 Rac8 17. Nf5 c5 18. Ne7+ Kh8 19. Nxc8 Rxc8 20. Rb1 a5 21. Rfc1 Nd7 22. Qc4 Rf8 23. Qd5 Qe6 24. Qxe6 fxe6 25. Rc4 Rb8 26. b4 a4 27. b5 c6 28. Rxa4 cxb5 29. Ra7 Nf6 30. Re7 b4 31. axb4 cxb4 32. Rxe6 Nd7 33. Rxb4 Rg8 34. Re7 Rd8 35. Rb7 Nc5 36. Ra7 Nb3 37. Rxg7 Ra8 38. Rxh7+ Kg8 39. Rag7+ Kf8 40. Rh8+ Kxg7 41. Rxa8 Nd4 42. e3 Nf3+ 43. Kg2 Ne1+ 44. Kh3 Nxd3 45. f3 Nf2+ 46. Kh4 Nd3 47. Kg5 Nf2 48. Kf5 Nd1 49. Ra3 Nb2 50. Ra7+ Kh6 51. Kxe5 Nc4+ 52. Kf4 Nb6 53. Ra6 Kg7 54. Rxb6 Kf7 55. Kg5 Ke7 56. h4 Kf7 57. h5 Kg7 58. e4 1-0

[Event "Maastricht Limburg op-C 8th"]
[Site "Maastricht"]
[Date "2014.06.07"]
[Round "2"]
[White "Bauchmueller, Heinrich"]
[Black "Disters, Ingrid"]
[Result "1-0"]
[WhiteElo "1348"]
[BlackElo "1223"]
[PlyCount "69"]
[EventDate "2014.06.06"]
[EventType "swiss"]
[EventRounds "7"]
[EventCountry "NED"]
[SourceTitle "EXT 2015"]
[Source "ChessBase"]
[SourceDate "2014.11.20"]
[SourceVersion "1"]
[SourceVersionDate "2014.11.20"]
[SourceQuality "1"]

1. c4 e6 2. Nc3 Nf6 3. g3 Be7 4. Bg2 0-0 5. Nf3 b6 6. 0-0 Bb7 7. d3 c5 8. e4 d5 9. e5 Nfd7 10. cxd5 exd5 11. Re1 d4 12. Ne4 Nc6 13. Bf4 a6 14. a3 Re8 15. Ned2 Bf8 16. Nc4 Qc8 17. Ng5 Nd8 18. Bxb7 Qxb7 19. Qh5 h6 20. Ne4 Qd5 21. Qg4 Qe6 22. Qf3 Rb8 23. Re2 Qf5 24. Ned6 Bxd6 25. Nxd6 Qe6 26. Nxe8 Qxe8 27. e6 Rc8 28. exd7 Qxd7 29. Rae1 Qf5 30. Re8+ Kh7 31. Qe4 Kg6 32. Qxf5+ Kxf5 33. Kg2 g5 34. Bd6 Kg6 35. Be7 1-0

[Event "Goch op 24th"]
[Site "Goch"]
[Date "2013.09.08"]
[Round "6"]
[White "Bauchmueller, Heinrich"]
[Black "Fallier, Alfred"]
[Result "1-0"]
[WhiteElo "1510"]
[BlackElo "1057"]
[PlyCount "113"]
[EventDate "2013.09.05"]
[EventType "swiss"]
[EventRounds "7"]
[EventCountry "GER"]
[SourceTitle "EXT 2015"]
[Source "ChessBase"]
[SourceDate "2014.11.20"]
[SourceVersion "1"]
[SourceVersionDate "2014.11.20"]
[SourceQuality "1"]

1. e4 Nc6 2. f4 e6 3. Nf3 Bc5 4. c3 Nf6 5. d4 Bb6 6. Bd3 d5 7. e5 Ne4 8. 0-0 Bd7 9. Re1 f6 10. Bxe4 dxe4 11. Rxe4 f5 12. Re1 Qe7 13. Kh1 0-0-0 14. Be3 Na5 15. Nbd2 Bc6 16. b4 Bxf3 17. Qxf3 Nc6 18. Nc4 Rd5 19. Nxb6+ axb6 20. a4 h5 21. Red1 h4 22. h3 Rhd8 23. Bf2 g6 24. Qe2 g5 25. fxg5 Qxg5 26. Rg1 f4 27. Qe1 Rh8 28. Qe2 Rd7 29. a5 Na7 30. Qf3 b5 31. a6 c6 32. axb7+ Rxb7 33. Rxa7 Kc7 34. Rxb7+ Kxb7 35. Be1 Ra8 36. Bd2 Qg3 37. Bxf4 Qxf3 38. gxf3 Ra2 39. Rg2 Ra1+ 40. Kh2 Rf1 41. Bg5 Rxf3 42. Rc2 Rf1 43. Bxh4 Rb1 44. Bg3 Rb3 45. h4 Kc7 46. Kh3 Kd7 47. Kg4 Ke7 48. Kg5 Kf7 49. h5 Rb1 50. Rf2+ Kg7 51. h6+ Kg8 52. Rf6 Rg1 53. Kg4 Rh1 54. Rxe6 Kh7 55. Rxc6 Rxh6 56. Rxh6+ Kxh6 57. Kf5 1-0

[Event "Maastricht Limburg op-C 6th"]
[Site "Maastricht"]
[Date "2012.05.27"]
[Round "5"]
[White "Krug, Franz Dieter"]
[Black "Bauchmueller, Heinrich"]
[Result "1-0"]
[WhiteElo "1540"]
[BlackElo "1447"]
[PlyCount "51"]
[EventDate "2012.05.25"]
[EventType "swiss"]
[EventRounds "7"]
[EventCountry "NED"]
[SourceTitle "EXT 2013"]
[Source "ChessBase"]
[SourceDate "2012.11.22"]
[SourceVersion "1"]
[SourceVersionDate "2012.11.22"]
[SourceQuality "1"]

1. d4 d5 2. c4 Nf6 3. e3 e6 4. a3 Be7 5. Nc3 a6 6. cxd5 Nxd5 7. Bd3 Nc6 8. Nf3 h6 9. 0-0 0-0 10. Re1 f5 11. e4 Nxc3 12. bxc3 Rf7 13. exf5 exf5 14. Bc4 Qf8 15. Bxf7+ Qxf7 16. d5 Na5 17. Ne5 Qf6 18. Bb2 Bd6 19. c4 b6 20. Qe2 Qh4 21. g3 Qe4 22. Qh5 Qc2 23. Re2 Qb3 24. Qf7+ Kh7 25. Ng6 Bf8 26. Nxf8+ 1-0

[Event "Maastricht Limburg op-C 6th"]
[Site "Maastricht"]
[Date "2012.05.25"]
[Round "1"]
[White "Boer, Jan"]
[Black "Bauchmueller, Heinrich"]
[Result "1-0"]
[WhiteElo "1730"]
[BlackElo "1447"]
[PlyCount "65"]
[EventDate "2012.05.25"]
[EventType "swiss"]
[EventRounds "7"]
[EventCountry "NED"]
[SourceTitle "EXT 2013"]
[Source "ChessBase"]
[SourceDate "2012.11.22"]
[SourceVersion "1"]
[SourceVersionDate "2012.11.22"]
[SourceQuality "1"]

1. d4 e5 2. dxe5 Nc6 3. Nf3 Bc5 4. Nc3 Nge7 5. Bg5 h6 6. Bh4 g5 7. Bg3 Bb4 8. Qd3 d6 9. exd6 cxd6 10. Nd2 Bf5 11. e4 Be6 12. a3 Ba5 13. b4 Bc7 14. Nb5 Ne5 15. Qc3 N7c6 16. Nxc7+ Qxc7 17. b5 Qa5 18. Qb2 Ne7 19. Bxe5 dxe5 20. Qxe5 Ng6 21. Qb2 Rd8 22. Rd1 0-0 23. Bd3 Nf4 24. 0-0 Nxd3 25. cxd3 Rxd3 26. Nf3 Rxa3 27. Qf6 Kh7 28. Nd4 Qd8 29. Qe5 Qb6 30. Nxe6 Qxe6 31. Qc5 Rc8 32. Qxa3 Qb6 33. Qd3 1-0